Catálogo
 En Linea

Cómo nació la democracia en América de Tocqueville / (Registro nro. 24207)

Detalles MARC
000 -CABECERA
campo de control de longitud fija 01042nam a2200265 a 4500
001 - NÚMERO DE CONTROL
campo de control 000024714
005 - FECHA Y HORA DE LA ÚLTIMA TRANSACCIÓN
campo de control 20200930023327.0
008 - DATOS DE LONGITUD FIJA--INFORMACIÓN GENERAL
campo de control de longitud fija 110202s1984 mx a r 001 0 spa d
020 ## - NÚMERO INTERNACIONAL ESTÁNDAR DEL LIBRO
Número Internacional Estándar del Libro 9681617444
040 ## - FUENTE DE LA CATALOGACIÓN
Centro catalogador/agencia de origen DO-SdBNP
Lengua de catalogación spa
Centro/agencia transcriptor BNPHU
082 ## - NÚMERO DE LA CLASIFICACIÓN DECIMAL DEWEY
Número de clasificación xxxxx
Número de documento/Ítem S341c
049 ## - FONDOS LOCALES (OCLC)
Fondos de biblioteca BNGR
100 1# - ENTRADA PRINCIPAL--NOMBRE DE PERSONA
Nombre de persona Schleifer, James T.
9 (RLIN) 50702
245 10 - MENCIÓN DE TÍTULO
Título Cómo nació la democracia en América de Tocqueville /
Mención de responsabilidad, etc. James T. Schleifer ; traducción Rodrigo Ruza ; prólogo G. W. Pierson.
260 ## - PUBLICACIÓN, DISTRIBUCIÓN, ETC.
Lugar de publicación, distribución, etc. México, D. F. :
Nombre del editor, distribuidor, etc. Fondo de Cultura Económica,
Fecha de publicación, distribución, etc. 1984.
300 ## - DESCRIPCIÓN FÍSICA
Extensión 426 p. :
Otras características físicas il. ;
Dimensiones 21 cm.
490 1# - MENCIÓN DE SERIE
Mención de serie Obras de política y derecho
500 ## - NOTA GENERAL
Nota general Incluye índice analítico.
500 ## - NOTA GENERAL
Nota general Incluye bibliografía p. [387-400].
500 ## - NOTA GENERAL
Nota general Incluye notas al pie de las páginas.
534 ## - NOTA SOBRE LA VERSIÓN ORIGINAL
Frase introductoria Título original :
Mención de título del original The making of Tocqueville´s "Democracy in America"
Publicación, distribución, etc. del original The University of north Carolina Press, 1980
700 1# - PUNTO DE ACCESO ADICIONAL--NOMBRE DE PERSONA
Nombre de persona Ruza, Rodrigo,
Término indicativo de función/relación tr.
9 (RLIN) 50703
700 1# - PUNTO DE ACCESO ADICIONAL--NOMBRE DE PERSONA
Nombre de persona Pierson, G. W.,
Término indicativo de función/relación pról.
9 (RLIN) 50704
830 #0 - PUNTO DE ACCESO ADICIONAL DE SERIE-TÍTULO UNIFORME
Título uniforme Obras de política y derecho
9 (RLIN) 45974
Existencias
Estado de retiro Estado de pérdida Restricciones de uso No para préstamo Código de colección Localización permanente Ubicación/localización actual Ubicación en estantería Fecha de adquisición Número de inventario Total de préstamos Signatura topográfica completa Código de barras Fecha visto por última vez Precio válido a partir de Tipo de ítem Koha
        Monografías: Libros y Folletos General General En catalogación 02.02.2011 LF1   xxxxx S341c 24714-10 25.06.2020 25.06.2020 Préstamo en sala

Con tecnología Koha